| 000 | 00743nam a2200241 i 4500 | ||
|---|---|---|---|
| 001 | bg | ||
| 100 | 1 | _aGOS, Waldemar | |
| 245 | 1 | 0 |
_aSprawozdawczość finansowa przedsiębiorstw / _cWaldemar Gos. |
| 260 |
_aWarszawa : _bPolska Akademia Rachunkowości, _c2006. |
||
| 300 |
_a325 s. ; _c24 cm. |
||
| 504 | _aBibliogr. | ||
| 650 | 9 |
_aFinanse _xsprawozdawczość |
|
| 650 | 9 |
_aPrzedsiębiorstwo _xfinanse |
|
| 655 | _aPodręczniki akademickie | ||
| 020 | _a8392093100 | ||
| 040 | _cBPK | ||
| 041 | 0 | _apol | |
| 080 | _a658.14/.17:657](075.8) | ||
| 920 | _a83-920931-0-0 | ||
| 942 | _cKS | ||
| 008 | s pl f |000 0 pol | ||
| 999 |
_c52896 _d52896 |
||
| 856 |
_uhttp://koha.tu.koszalin.pl/cgi-bin/koha/opac-detail.pl?biblionumber=52896 _yKatalog online BPK |
||